Begoña Izquierdo / (Record no. 175404)

MARC details
000 -LEADER
campo de control de longitud fija 00898nam a2200265 i 4500
001 - NÚMERO DE CONTROL
campo de control 175404
003 - IDENTIFICADOR DE NÚMERO DE CONTROL
campo de control ES-MaACL
005 - FECHA Y HORA DE LA ÚLTIMA TRANSACCIÓN
campo de control 20251218174605.0
007 - CAMPO FIJO DE DESCRIPCIÓN FÍSICA--INFORMACIÓN GENERAL
campo de control de longitud fija t|
008 - DATOS DE LONGITUD FIJA--INFORMACIÓN GENERAL
campo de control de longitud fija 101026s1973 sp o r ||||1| spa d
020 ## - NÚMERO INTERNACIONAL ESTÁNDAR DEL LIBRO
Número Internacional Estándar del Libro 84-369-0273-4
080 ## - NÚMERO DE LA CLASIFICACIÓN DECIMAL UNIVERSAL
Número de la Clasificación Decimal Universal 75 Izquierdo, Begoña
080 ## - NÚMERO DE LA CLASIFICACIÓN DECIMAL UNIVERSAL
Número de la Clasificación Decimal Universal 929 Izquierdo, Begoña
100 1# - ENTRADA PRINCIPAL--NOMBRE DE PERSONA
Nombre de persona Castaño, Adolfo.
9 (RLIN) 36422
245 10 - MENCIÓN DEL TÍTULO
Título Begoña Izquierdo /
Mención de responsabilidad, etc. Adolfo Castaño.
260 ## - PUBLICACIÓN, DISTRIBUCIÓN, ETC.
Lugar de publicación, distribución, etc. [Madrid :
Nombre del editor, distribuidor, etc. Dirección General de Bellas Artes,
Fecha de publicación, distribución, etc. 1973]
300 ## - DESCRIPCIÓN FÍSICA
Extensión 67 p. :
Otras características físicas fot. col. y n. ;
Dimensiones 17 cm.
490 1# - MENCIÓN DE SERIE
Mención de serie Artistas españoles contemporáneos. Pintores ;
Designación de volumen o secuencia 63
504 ## - NOTA DE BIBLIOGRAFÍA, ETC.
Nota de bibliografía, etc. Bibliografía: p. 59-61.
600 14 - PUNTO DE ACCESO ADICIONAL DE MATERIA--NOMBRE DE PERSONA
Nombre de persona Izquierdo, Begoña.
9 (RLIN) 65699
710 1# - ENTRADA AGREGADA--NOMBRE DE ENTIDAD CORPORATIVA
Nombre de entidad corporativa o nombre de jurisdicción como elemento de entrada España.
Unidad subordinada Dirección General de Bellas Artes.
9 (RLIN) 3704
830 0# - PUNTO DE ACCESO ADICIONAL DE SERIE-TÍTULO UNIFORME
Título uniforme Artistas españoles contemporáneos. Pintores
Designación de volumen o secuencia 63
9 (RLIN) 189664
852 ## - LOCALIZACIÓN
Ubicación ES-MaACL
Número de control de estantería 2261-F-63
Encuadernación Olim P-1916
Holdings
Estatus retirado Estado de pérdida Estado de daño No para préstamo Colección Biblioteca de origen Biblioteca actual Ubicación en estantería Fecha de adquisición Fuente de adquisición Total de préstamos Signatura topográfica completa Código de barras Visto por última vez Precio de reemplazo Tipo de ítem Koha
        Colección de folletos Biblioteca del Ateneo de Madrid Biblioteca del Ateneo de Madrid Depósito folletos 26/10/2010     2261-F-63 1184178 23/02/2023 23/02/2023 Folleto